MARC

LEADER 00000nam0a2200000 4500
001 267621
005 20260515134554.0
035 |a (RuTPU)RU\TPU\book\290678 
090 |a 267621 
100 |a 20140731d2014 m y0rusy50 ca 
101 0 |a rus 
102 |a RU 
105 |a a j 001zy 
135 |a drcn ---uucaa 
181 0 |a i  
182 0 |a b 
200 1 |a Информационные системы управления разработкой месторождений  |e учебное пособие  |f Национальный исследовательский Томский политехнический университет (ТПУ) ; сост. А. А. Хамухин 
203 |a Текст  |c электронный 
210 |a Томск  |c Изд-во ТПУ  |d 2014 
300 |a Заглавие с титульного экрана 
371 0 |a AM_TPU_network 
606 1 |a Нефтегазовые залежи  |x Системы разработки  |x Анализ  |x Оптимизация  |2 stltpush  |3 (RuTPU)RU\TPU\subj\45561  |9 64756 
610 1 |a электронный ресурс 
610 1 |a учебные пособия 
610 1 |a труды учёных ТПУ 
610 1 |a информационные системы 
610 1 |a спутниковые системы 
610 1 |a разработка 
610 1 |a нефтегазовые месторождения 
675 |a 622.276(075.8)  |v 3 
702 1 |a Хамухин  |b А. А.  |c специалист в области информатики и вычислительной техники  |c доцент Томского политехнического университета, кандидат технических наук  |f 1954-  |g Александр Анатольевич  |3 (RuTPU)RU\TPU\pers\24263  |4 220  |9 10734 
712 0 2 |a Томский политехнический университет  |b Институт кибернетики, ИК  |c 2010-2017  |9 27025 
801 1 |a RU  |b 63413507  |c 20140731 
801 2 |a RU  |b 63413507  |c 20160617  |g RCR 
856 4 0 |u http://www.lib.tpu.ru/fulltext2/m/2014/m262.pdf  |z http://www.lib.tpu.ru/fulltext2/m/2014/m262.pdf 
942 |c CF